| 000 | 02113nam a2200373 4500 | ||
|---|---|---|---|
| 001 | 66 | ||
| 003 | OSt | ||
| 005 | 20250528074010.0 | ||
| 008 | 250123b |||||||j |||| 00| 1 eng d | ||
| 040 | _bpor | ||
| 041 |
_heng _apor |
||
| 082 |
_a813 _bB811b |
||
| 100 | 1 |
_aBradley, Marion Zimmer, _d1930-1999 _9169 |
|
| 240 | _aThe Mists of Avalon | ||
| 245 |
_aAs brumas de Avalon: _bO Gamo-Rei / _cBradley, Marion Zimmer ; Tradução de Waltensir Dutra |
||
| 250 | _a12° edição | ||
| 260 |
_aRio de Janeiro _bImago _c1985 |
||
| 300 | _a246 p. | ||
| 490 | 1 |
_aAs Brumas de Avalon _vlivro 03 |
|
| 500 | _aO Gamo-Rei Sequência de: A grande rainha | ||
| 520 | _aO terceiro livro da série Mists of Avalon envolve a releitura imaginativa da lenda arturiana, centrada nas sacerdotisas pagãs de Avalon, que competem pela alma da Grã-Bretanha contra a maré crescente do cristianismo. "The King Stag" leva o ouvinte mais profundamente na rivalidade política/religiosa nos anos seguintes à coroação de Arthur. Gwenhwyfar, de posse de um segredo terrível, manipula seu marido para garantir sua lealdade à igreja cristã, enquanto a decisão de Vivian de confrontar Arthur sobre sua traição a Avalon resulta em tragédia. Nos bastidores, Morgana arranja o casamento de Lancelote, que ficou desesperado com o triângulo sem esperança em Camelot. Quando Gwenhwyfar ouve sobre seu casamento, ela jura vingança. Por meio de seu próprio casamento com Uriens de North Wales, Morgana trabalha para fortalecer a causa de Avalon. Ela retorna brevemente à Ilha das Brumas, apenas para descobrir que o tempo ainda não está maduro para ela reinar. O Livro Três conclui com a chegada do jovem Gwydion (Mordred) em cena. | ||
| 650 | 0 |
_aLiteratura Americana _984 |
|
| 650 | 0 |
_aMedieval _9170 |
|
| 650 | 0 |
_aFantasia _945 |
|
| 650 | 0 |
_aSeres mágicos _946 |
|
| 650 | 0 |
_aAventura _947 |
|
| 650 | 0 |
_aMitologia _9128 |
|
| 650 | 0 |
_aFilme _926 |
|
| 655 | 0 |
_aRomance _923 |
|
| 655 | 0 |
_aFicção _922 |
|
| 700 |
_aWaltensir Dutra _eTradutor _9171 |
||
| 830 |
_aAs Brumas de Avalon _vLivro 03 _9172 |
||
| 942 |
_2ddc _n0 _cBK |
||
| 999 |
_c66 _d66 |
||